| 000 | 01106nam a2200217 a 4500 | ||
|---|---|---|---|
| 001 | 000000395 | ||
| 005 | 20200929145334.0 | ||
| 008 | 070508s2007 dr ac 000 0 spa d | ||
| 040 |
_aDO-SdBNP _bspa _cBNPHU |
||
| 082 |
_a361.3 _bD468m |
||
| 110 | 1 |
_aRepública Dominicana _bDespacho de la Primera Dama _91327 |
|
| 245 | 1 | 0 | _aMi recorrido solidario en favor de la familia dominicana. |
| 260 |
_aSanto Domingo : _bDespacho de la Primera Dama, _c2007. |
||
| 300 |
_a88 p. : _bil., retrs. ; _c27 cm. |
||
| 505 | 0 |
_tIntroducción. Mensaje de la Primera Dama. Programa Progresando -- _tCentros tecnológicos comunitarios -- _tProyecto de bibliotecas -- _tSolidaridad social -- _tUnidad ejecutiva de proyectos especiales -- _tEn estrechos vínculos con la cultura -- _tMi recorrido en imágenes. Acuerdos nacionales e internacionales -- _tAgenda internacional y su relación con personalidades del exterior. |
|
| 650 | 4 |
_aServicio social _zRepública Dominicana _91328 |
|
| 650 | 4 |
_aServicios a la familia _91329 |
|
| 650 | 4 |
_aProgramas sociales _91330 |
|
| 600 | 1 | 4 |
_aCEDEÑO DE FERNÁNDEZ, MARGARITA _91331 |
| 049 | _aBNPD | ||
| 999 |
_c394 _d394 |
||